000 00328nam a2200121Ia 4500
005 20251028132345.0
008 251020t2002||||xx |||||||||||||| ||spa||
041 _aspa
100 _aCallañaupa Escobar, Nerio Jorge
245 0 _aLa hipoteca inmobiliaria : aspecto sustantivo-procesal-registral
260 _c2002
942 _CLB
_cLB
999 _c917
_d917